[Event "CRO-chT2 Qual 1B Liga"]
[Site "Slavonski Brod"]
[Date "2022.11.18"]
[Round "1.3"]
[White "Tomulic, Teo"]
[Black "Matanovic, Luka"]
[Result "1-0"]
[WhiteElo "2354"]
[BlackElo "2253"]
[PlyCount "107"]
[EventDate "2022.11.18"]
[EventType "team-tourn"]
[EventRounds "3"]
[EventCountry "CRO"]
[SourceTitle "EXT 2024"]
[Source "ChessBase"]
[SourceDate "2023.10.10"]
[SourceVersion "1"]
[SourceVersionDate "2023.10.10"]
[SourceQuality "1"]
[WhiteTeam "Rijeka ASK Junior"]
[BlackTeam "Slavonski Brod Djakovic"]
[WhiteTeamCountry "CRO"]
[BlackTeamCountry "CRO"]

1. e4 e5 2. Nf3 Nc6 3. Bb5 Nf6 4. d3 Bc5 5. c3 0-0 6. b4 Bb6 7. Bxc6 bxc6 8. Nxe5 d5 9. 0-0 Qe8 10. d4 Nxe4 11. Bb2 f6 12. Nd3 Qg6 13. a4 a5 14. Na3 Bf5 15. Nf4 Qh6 16. Ne2 Qd2 17. bxa5 Rxa5 18. Qxd2 Nxd2 19. Rfe1 Rxa4 20. Rad1 Ne4 21. Nb1 Ra2 22. Ba3 Ra8 23. Bb4 Rb2 24. f3 Nd6 25. g4 Bc2 26. Rc1 Ra1 27. Na3 Rxc1 28. Rxc1 Ba4 29. Re1 Nb5 30. Nf4 Rxb4 31. cxb4 Bxd4+ 32. Kg2 Nxa3 33. Re8+ Kf7 34. Ra8 Bb5 35. Rxa3 Be5 36. Nd3 Bd4 37. Nc5 g5 38. Ra7 Bc3 39. Rxc7+ Kg6 40. Ne6 f5 41. Nf8+ Kf6 42. Nxh7+ Kg6 43. Nf8+ Kf6 44. Nd7+ Kg6 45. Nb8 Be5 46. Rc8 fxg4 47. fxg4 d4 48. Nxc6 Bf6 49. Kf3 Kf7 50. Ke4 d3 51. Ne5+ Bxe5 52. Kxe5 Bd7 53. Rc3 Bb5 54. Rc5 1-0

[Event "CRO-chT1B 29th"]
[Site "Mali Losinj"]
[Date "2021.09.26"]
[Round "2.16"]
[White "Matanovic, Luka"]
[Black "Makovec, Bruno"]
[Result "1-0"]
[WhiteElo "2251"]
[BlackElo "2231"]
[PlyCount "55"]
[EventDate "2021.09.25"]
[EventType "team-tourn"]
[EventRounds "11"]
[EventCountry "CRO"]
[SourceTitle "CBM 204 Extra"]
[Source "ChessBase"]
[SourceDate "2021.11.30"]
[SourceVersion "1"]
[SourceVersionDate "2021.11.30"]
[SourceQuality "1"]
[WhiteTeam "Slavonski Brod Djakovic"]
[BlackTeam "Mihovljan Sloboda"]
[WhiteTeamCountry "CRO"]
[BlackTeamCountry "CRO"]

1. e4 c6 2. d4 d5 3. exd5 cxd5 4. c3 Nc6 5. Bf4 Bf5 6. Bd3 Bxd3 7. Qxd3 e6 8. Nd2 Bd6 9. Ne2 Nge7 10. 0-0 0-0 11. Rae1 Nf5 12. Nf3 Rb8 13. Bd2 Qc7 14. Kh1 b5 15. g4 Nfe7 16. Ng5 Ng6 17. f4 Rfe8 18. Ng3 Nf8 19. Nh5 f6 20. Nf3 Qf7 21. b4 a6 22. a4 Qg6 23. f5 exf5 24. Nh4 Qf7 25. Nxf5 Bc7 26. Nh6+ gxh6 27. Nxf6+ Kh8 28. Nxe8 1-0

[Event "FIDE World Uni Rapid-B 1st"]
[Site "Tornelo INT"]
[Date "2021.03.21"]
[Round "12"]
[White "Huarcaya Silloca, Carlos Enrique"]
[Black "Matanovic, Luka"]
[Result "0-1"]
[WhiteElo "1942"]
[BlackElo "2251"]
[PlyCount "30"]
[EventDate "2021.03.20"]
[EventType "swiss (rapid)"]
[EventRounds "12"]
[EventCountry "NET"]
[SourceTitle "CBM 201 Extra"]
[Source "ChessBase"]
[SourceDate "2021.05.31"]
[SourceVersion "1"]
[SourceVersionDate "2021.05.31"]
[SourceQuality "1"]

1. e4 e5 2. Nf3 Nc6 3. d4 exd4 4. Bc4 Bc5 5. Ng5 Nh6 6. Qh5 Ne5 7. Bb3 d5 8. Bxd5 Bg4 9. Qh4 c6 10. Bb3 d3 11. 0-0 Be2 12. Re1 Nhg4 13. Be3 Nxe3 14. fxe3 Bxe3+ 15. Kh1 Qxg5 0-1

[Event "FIDE World Uni Rapid-B 1st"]
[Site "Tornelo INT"]
[Date "2021.03.20"]
[Round "6"]
[White "Martinez Mesa, Chaneli"]
[Black "Matanovic, Luka"]
[Result "0-1"]
[WhiteElo "1763"]
[BlackElo "2251"]
[PlyCount "92"]
[EventDate "2021.03.20"]
[EventType "swiss (rapid)"]
[EventRounds "12"]
[EventCountry "NET"]
[SourceTitle "CBM 201 Extra"]
[Source "ChessBase"]
[SourceDate "2021.05.31"]
[SourceVersion "1"]
[SourceVersionDate "2021.05.31"]
[SourceQuality "1"]

1. d4 d5 2. Nf3 Nf6 3. e3 c5 4. b3 a6 5. Bb2 cxd4 6. exd4 Nc6 7. Bd3 Bg4 8. 0-0 e6 9. h3 Bh5 10. Re1 Bd6 11. Nbd2 0-0 12. Qb1 Nb4 13. Be2 Bg6 14. Bd1 Rc8 15. Ne5 Bxc2 16. Bxc2 Nxc2 17. g4 Bb4 18. Rd1 Nxa1 19. Bxa1 Bc3 20. Bxc3 Rxc3 21. Kh2 Qc7 22. f4 Nd7 23. Ndf3 f6 24. Nd3 Rc8 25. g5 Rc2+ 26. Kh1 Qd6 27. gxf6 Nxf6 28. Nfe5 Ne4 29. Rg1 Qe7 30. Qd1 Qh4 31. Qf3 Nf2+ 32. Nxf2 Rxf2 33. Qg4 Qxg4 34. Rxg4 Rc1+ 35. Rg1 Rxg1+ 36. Kxg1 Rxf4 37. Nd3 Rxd4 38. Nc5 e5 39. Nxb7 Rd2 40. a4 e4 41. Kf1 Rb2 42. Nc5 a5 43. Ke1 Kf7 44. Nb7 Rxb3 45. Nxa5 Rb4 46. Nc6 Rxa4 0-1

[Event "FIDE World Uni Blitz-C 1st"]
[Site "Tornelo INT"]
[Date "2021.03.13"]
[Round "4.26"]
[White "Matanovic, Luka"]
[Black "Asmita, Das"]
[Result "1-0"]
[WhiteElo "2251"]
[BlackElo "1759"]
[PlyCount "57"]
[EventDate "2021.03.13"]
[EventType "swiss (blitz)"]
[EventRounds "10"]
[EventCountry "NET"]
[SourceTitle "EXT 2022"]
[Source "ChessBase"]
[SourceDate "2021.10.06"]
[SourceVersion "1"]
[SourceVersionDate "2021.10.06"]
[SourceQuality "1"]

1. e4 c5 2. Nf3 d6 3. Bb5+ Bd7 4. Bxd7+ Nxd7 5. 0-0 Ngf6 6. Re1 g6 7. c3 Bg7 8. d4 cxd4 9. cxd4 0-0 10. Nc3 Nb6 11. b3 d5 12. e5 Nfd7 13. a4 e6 14. a5 Nc8 15. Bg5 Ne7 16. Nb5 h6 17. Bd2 Nc8 18. Qc1 a6 19. Nc7 Rb8 20. Bb4 b6 21. Nxa6 bxa5 22. Bxf8 Bxf8 23. Nxb8 Nxb8 24. Re2 Qb6 25. Qxc8 Qxb3 26. Ree1 Kg7 27. Rab1 Qd3 28. Rxb8 Bb4 29. Qh8# 1-0

[Event "FIDE World Uni Blitz-C 1st"]
[Site "Tornelo INT"]
[Date "2021.03.13"]
[Round "9.19"]
[White "Nyambileg, Erdene Ochir"]
[Black "Matanovic, Luka"]
[Result "1-0"]
[WhiteElo "2038"]
[BlackElo "2251"]
[PlyCount "43"]
[EventDate "2021.03.13"]
[EventType "swiss (blitz)"]
[EventRounds "10"]
[EventCountry "NET"]
[SourceTitle "EXT 2022"]
[Source "ChessBase"]
[SourceDate "2021.10.06"]
[SourceVersion "1"]
[SourceVersionDate "2021.10.06"]
[SourceQuality "1"]

1. d4 d5 2. c4 c6 3. Nc3 Nf6 4. Nf3 dxc4 5. e3 b5 6. a4 b4 7. Na2 a5 8. Bxc4 e6 9. 0-0 c5 10. dxc5 Bxc5 11. Qxd8+ Kxd8 12. Bd2 Bb7 13. Nd4 Bxd4 14. exd4 Nc6 15. Be3 Rc8 16. Bb5 Nd5 17. Nc1 Kc7 18. Nb3 Kb6 19. Nc5 Rhd8 20. Rac1 Nc7 21. Nxb7 Nxb5 22. Nxd8 1-0

[Event "FIDE World Uni Blitz-C 1st"]
[Site "Tornelo INT"]
[Date "2021.03.13"]
[Round "1.31"]
[White "Salim, Azoobi"]
[Black "Matanovic, Luka"]
[Result "0-1"]
[WhiteElo "1176"]
[BlackElo "2251"]
[PlyCount "86"]
[EventDate "2021.03.13"]
[EventType "swiss (blitz)"]
[EventRounds "10"]
[EventCountry "NET"]
[SourceTitle "EXT 2022"]
[Source "ChessBase"]
[SourceDate "2021.10.06"]
[SourceVersion "1"]
[SourceVersionDate "2021.10.06"]
[SourceQuality "1"]

1. e4 e5 2. Nf3 Nc6 3. Bc4 Bc5 4. 0-0 d6 5. h3 h6 6. c3 Qf6 7. d4 exd4 8. cxd4 Nxd4 9. Nxd4 Qxd4 10. Qxd4 Bxd4 11. Nc3 Bxc3 12. bxc3 Be6 13. Bxe6 fxe6 14. Be3 Nf6 15. f3 b6 16. Rad1 e5 17. Rd3 a5 18. Rfd1 Rf8 19. a4 Nd7 20. c4 Rb8 21. c5 Nxc5 22. Bxc5 bxc5 23. g4 Ke7 24. Rc3 Rb4 25. Ra1 Rfb8 26. Kg2 Rb1 27. Rxb1 Rxb1 28. Rc2 Rb4 29. Ra2 c4 30. Kf2 c6 31. Ke2 d5 32. Kd2 d4 33. Kc2 Kd6 34. h4 Rb3 35. Kd2 Rxf3 36. Rb2 c3+ 37. Kc2 cxb2 38. Kxb2 c5 39. Kc1 c4 40. Kd2 c3+ 41. Ke2 Re3+ 42. Kd1 d3 43. Kc1 Re1# 0-1

[Event "FIDE World Uni Blitz-C 1st"]
[Site "Tornelo INT"]
[Date "2021.03.13"]
[Round "7.12"]
[White "Yankelevich, Lev"]
[Black "Matanovic, Luka"]
[Result "1-0"]
[WhiteElo "2389"]
[BlackElo "2251"]
[PlyCount "109"]
[EventDate "2021.03.13"]
[EventType "swiss (blitz)"]
[EventRounds "10"]
[EventCountry "NET"]
[SourceTitle "EXT 2022"]
[Source "ChessBase"]
[SourceDate "2021.10.06"]
[SourceVersion "1"]
[SourceVersionDate "2021.10.06"]
[SourceQuality "1"]

1. d4 d5 2. c4 c6 3. cxd5 cxd5 4. Bf4 Nc6 5. e3 Nf6 6. Nc3 e6 7. Nf3 a6 8. Bd3 Be7 9. 0-0 0-0 10. h3 Bd7 11. Ne5 Qa5 12. Bg5 Be8 13. f4 Rc8 14. Qf3 b5 15. a3 Qb6 16. Ne2 a5 17. g4 b4 18. Ng3 Nxd4 19. exd4 Qxd4+ 20. Qf2 Qxf2+ 21. Kxf2 bxa3 22. bxa3 h6 23. Bxf6 gxf6 24. Nf3 Rc3 25. Ke2 Bxa3 26. Nd4 Bd7 27. Nc2 Bb4 28. Nxb4 axb4 29. Rfb1 Rb8 30. Kd2 e5 31. Nh5 Rb6 32. Rxb4 Rxd3+ 33. Kxd3 Rxb4 34. Nxf6+ Kg7 35. Nxd7 Rb3+ 36. Ke2 exf4 37. Rf1 Rxh3 38. Rxf4 Rg3 39. Kf2 Rb3 40. Ne5 f6 41. Nf3 Kg6 42. Rf5 Rb4 43. Kg3 d4 44. Rd5 h5 45. Rxh5 d3 46. Rd5 Rb3 47. Rd4 Kf7 48. Kf4 Ke6 49. Ke4 d2 50. Rxd2 Rb4+ 51. Rd4 Rb5 52. Kf4 f5 53. g5 Rc5 54. Rb4 Rc6 55. Nd4+ 1-0

[Event "Bosnjaci op 25th"]
[Site "Bosnjaci"]
[Date "2020.01.03"]
[Round "1"]
[White "Matanovic, Luka"]
[Black "Pejic, Ivo"]
[Result "1-0"]
[WhiteElo "2256"]
[BlackElo "1829"]
[PlyCount "41"]
[EventDate "2020.01.03"]
[EventType "swiss"]
[EventRounds "9"]
[EventCountry "CRO"]
[SourceTitle "CBM 194 Extra"]
[Source "ChessBase"]
[SourceDate "2020.03.31"]
[SourceVersion "1"]
[SourceVersionDate "2020.03.31"]
[SourceQuality "1"]

1. e4 d6 2. d4 Nf6 3. Bd3 g6 4. Nf3 Bg7 5. 0-0 a6 6. Re1 0-0 7. h3 b5 8. a4 bxa4 9. Rxa4 Nbd7 10. Nc3 c5 11. e5 Ne8 12. Bg5 Nb6 13. exd6 Qd7 14. dxe7 Nxa4 15. Nxa4 Qxa4 16. b3 Qd7 17. exf8Q+ Bxf8 18. Ne5 Qd6 19. Nxf7 Qd7 20. Bc4 Kg7 21. Bh6+ 1-0

[Event "Zagreb Hulak Memorial op 4th"]
[Site "Zagreb"]
[Date "2019.12.14"]
[Round "9"]
[White "Nguyen, Piotr"]
[Black "Matanovic, Luka"]
[Result "1-0"]
[WhiteElo "2413"]
[BlackElo "2280"]
[PlyCount "41"]
[EventDate "2019.12.07"]
[EventType "swiss"]
[EventRounds "9"]
[EventCountry "CRO"]
[SourceTitle "CBM 193 Extra"]
[Source "ChessBase"]
[SourceDate "2020.01.31"]
[SourceVersion "1"]
[SourceVersionDate "2020.01.31"]
[SourceQuality "1"]

1. c4 c6 2. Nf3 d5 3. e3 g6 4. d4 Bg7 5. Be2 Nf6 6. 0-0 0-0 7. Nc3 a6 8. Ne5 b5 9. cxd5 cxd5 10. b4 Qd6 11. a4 bxa4 12. Qxa4 Nfd7 13. Nxd7 Nxd7 14. b5 Nb6 15. Qa3 Qc7 16. bxa6 e5 17. Qc5 Qxc5 18. dxc5 e4 19. cxb6 Bxc3 20. Ra3 Bb4 21. Rb3 1-0

[Event "Osijek op 12th"]
[Site "Osijek"]
[Date "2019.02.21"]
[Round "2.4"]
[White "Oberman, Hotimir"]
[Black "Matanovic, Luka"]
[Result "0-1"]
[WhiteElo "1957"]
[BlackElo "2264"]
[PlyCount "73"]
[EventDate "2019.02.21"]
[EventType "swiss"]
[EventRounds "7"]
[EventCountry "CRO"]
[SourceTitle "EXT 2023"]
[Source "ChessBase"]
[SourceDate "2022.10.05"]
[SourceVersion "1"]
[SourceVersionDate "2022.10.05"]
[SourceQuality "1"]

1. e4 e5 2. Nf3 Nc6 3. d4 exd4 4. Nxd4 Nf6 5. Nxc6 bxc6 6. e5 Qe7 7. Qe2 Nd5 8. c4 Nb6 9. Nc3 Qe6 10. Qe4 Bb4 11. Bd2 Bb7 12. a3 Be7 13. 0-0-0 0-0-0 14. f4 c5 15. f5 Bxe4 16. fxe6 Bg6 17. exd7+ Nxd7 18. Nd5 Rde8 19. Bf4 Bd8 20. Re1 c6 21. Nc3 Bc7 22. Na4 f6 23. e6 Bxf4+ 24. Kd1 Nb6 25. Nxc5 Rd8+ 26. Ke2 Bh5+ 27. Kf2 Rd2+ 28. Kg1 Be5 29. Rxe5 fxe5 30. h3 Kd8 31. g4 Bg6 32. Bg2 Ke7 33. b3 Kd6 34. b4 Nxc4 35. Kh2 Ne3 36. Rg1 Nxg2 37. Rxg2 0-1